Univerzálna banka pre všetkých Čím je Tatra banka, a.s., zaujímavá pre klientov?
Rozhovor s Ing. M. Uličným, zástupcom generálneho riaditeľa Tatra banky. Banková licencia pre všetky domáce i zahraničné bankové operácie. Univerzálne služby pre podnikateľov, firmy a súkromné osoby. On-line prepojenie centrály a pobočiek. Zapojenie do medzibankového systému SWIFT. Úverové a platobn...
Saved in:
| Main Author: | |
|---|---|
| Other Authors: | |
| Format: | Book Chapter |
| Language: | Slovak |
| Subjects: | |
| Tags: |
No Tags, Be the first to tag this record!
|
MARC
| LEADER | 00000naa a2200000 4500 | ||
|---|---|---|---|
| 001 | r017875 | ||
| 005 | 20221205102120.4 | ||
| 041 | 0 | |a slo | |
| 044 | |a SK | ||
| 245 | 1 | 0 | |a Univerzálna banka pre všetkých |b Čím je Tatra banka, a.s., zaujímavá pre klientov? |c M. Uličný, J. Havrilla |
| 520 | |a Rozhovor s Ing. M. Uličným, zástupcom generálneho riaditeľa Tatra banky. Banková licencia pre všetky domáce i zahraničné bankové operácie. Univerzálne služby pre podnikateľov, firmy a súkromné osoby. On-line prepojenie centrály a pobočiek. Zapojenie do medzibankového systému SWIFT. Úverové a platobné karty. Účasť na peňažných a devízových trhoch. | ||
| 610 | 2 | 0 | |a Slovensko |
| 610 | 2 | 0 | |a Tatra banka, a.s. Bratislava |
| 610 | 2 | 0 | |a banky |
| 610 | 2 | 0 | |a bankovníctvo |
| 610 | 2 | 0 | |a operácie bankové |
| 610 | 2 | 0 | |a služby bankové |
| 610 | 2 | 0 | |a úver bankový |
| 610 | 2 | 0 | |a trh devízový |
| 610 | 2 | 0 | |a trh peňažný |
| 610 | 2 | 0 | |a systémy informačné |
| 100 | 1 | |a Uličný, M. | |
| 700 | 1 | |a Havrilla, J. | |